Normal view
MARC view
- Eau potable
Entry Topical Term
001 - CONTROL NUMBER
- control field: 7367
003 - CONTROL NUMBER IDENTIFIER
- control field: NUST
005 - DATE AND TIME OF LATEST TRANSACTION
- control field: 20171215121147.0
008 - FIXED-LENGTH DATA ELEMENTS
- fixed length control field: 171215|| aca||aabn | a|a d
040 ## - CATALOGING SOURCE
- Original cataloging agency: NUST
- Transcribing agency: NUST
150 ## - HEADING--TOPICAL TERM
- Topical term or geographic name entry element: Eau potable
- General subdivision: Contamination
- Geographic subdivision: Pays industrialisés.
670 ## - SOURCE DATA FOUND
- Source citation: Work cat.: (NUST)0: Hrudey, S. E. (Steve E.) 7365, Safe drinking water :, c2004.
